Los fósiles de Sidrón (Piloña, Asturias) y la cuestión de la extinción de "Homo neanderthalensis" / (Record no. 169761)

MARC details
000 -LEADER
campo de control de longitud fija 00903nam a22002055i 4500
001 - NÚMERO DE CONTROL
campo de control 169761
003 - IDENTIFICADOR DE NÚMERO DE CONTROL
campo de control ES-MaACL
005 - FECHA Y HORA DE LA ÚLTIMA TRANSACCIÓN
campo de control 20250807233533.0
008 - DATOS DE LONGITUD FIJA--INFORMACIÓN GENERAL
campo de control de longitud fija 081125s2001 sp |||| | spa d
080 ## - NÚMERO DE LA CLASIFICACIÓN DECIMAL UNIVERSAL
Número de la Clasificación Decimal Universal 569.9
100 0# - ENTRADA PRINCIPAL--NOMBRE DE PERSONA
Nombre de persona Gómez-Tabanera, José Manuel,
Fechas asociadas al nombre 1926-2011
9 (RLIN) 58165
245 14 - MENCIÓN DEL TÍTULO
Título Los fósiles de Sidrón (Piloña, Asturias) y la cuestión de la extinción de "Homo neanderthalensis" /
Mención de responsabilidad, etc. José Manuel Gómez-Tabanera.
260 ## - PUBLICACIÓN, DISTRIBUCIÓN, ETC.
Lugar de publicación, distribución, etc. Oviedo :
Nombre del editor, distribuidor, etc. J.M. Gómez-Tabanera,
Fecha de publicación, distribución, etc. [2001]
300 ## - DESCRIPCIÓN FÍSICA
Extensión 51 p. :
Otras características físicas il. ;
Dimensiones 21 cm.
594 ## - Nota al título y mención de responsabilidad
Nota al título y mención de responsabilidad En la port.: XXVI Congreso Nacional de Arqueología, Zaragoza, 18-21 de abril de 2001; Institución "Fernando el Católico" y Universidad de Zaragoza.
650 17 - PUNTO DE ACCESO ADICIONAL DE MATERIA--TÉRMINO DE MATERIA
Término de materia o nombre geográfico como elemento de entrada Hombre de Neanderthal
Fuente del encabezamiento o término embne
9 (RLIN) 138951
711 2# - ENTRADA AGREGADA--NOMBRE DE REUNIÓN
Nombre de congreso/reunión o jurisdicción como elemento de entrada Congreso Nacional de Arqueología (
Número del congreso/reunión o número de parte o sección 26º.
Fecha del congreso o de la firma del tratado 2001.
Sede del congreso/Lugar de la reunión Zaragoza)
9 (RLIN) 138952
852 ## - LOCALIZACIÓN
Ubicación ES-MaACL
Número de control de estantería 2238-F-20
itemnumber R.144129
Holdings
Estatus retirado Estado de pérdida Estado de daño No para préstamo Colección Biblioteca de origen Biblioteca actual Ubicación en estantería Fecha de adquisición Fuente de adquisición Total de préstamos Signatura topográfica completa Código de barras Visto por última vez Precio de reemplazo Tipo de ítem Koha
        Colección de folletos Biblioteca del Ateneo de Madrid Biblioteca del Ateneo de Madrid Depósito folletos 25/11/2008     2238-F-20 1178232 23/02/2023 23/02/2023 Folleto